[Event "ODEM U25B 2012"]
[Site "Oberhof GER"]
[Date "2012.05.27"]
[Round "2"]
[White "Dresig, Moritz"]
[Black "Friedrich, Robert"]
[Result "0-1"]
[Termination "normal"]
[Board "2"]
[WhiteElo "1711"]
[BlackElo "1350"]
[PlyCount "64"]
[WhiteFideId "1270307"]
[BlackFideId "1271541"]
[EventCountry "GER"]
[EventRounds "9"]
[EventType "swiss"]
[EventDate "2012.05.26"]

1. c4 e5 2. Nc3 Nf6 3. Nf3 Nc6 4. g3 Bc5 5. Bg2 d6 6. O-O O-O 7. a3 a5 8. Rb1
Be6 9. d3 h6 10. Nd2 Qd7 11. Nd5 Bxd5 12. cxd5 Ne7 13. Qb3 Bb6 14. Rd1 a4 15.
Qa2 Qb5 16. Nc4 Ba7 17. e4 Ng4 18. Rf1 Qc5 19. Ne3 Nf6 20. Bd2 Qb5 21. Nc4 Bd4
22. b4 Qd7 23. Be3 Bxe3 24. Nxe3 Ng6 25. Rbc1 h5 26. Nf5 Ne7 27. Bh3 Ng4 28. f3
Nxf5 29. fxg4 Ne3 30. Rfe1 Nxg4 31. Qe2 Qb5 32. Rxc7 Qb6+ 0-1

[Event "ODEM U25B 2012"]
[Site "Oberhof GER"]
[Date "2012.05.27"]
[Round "2"]
[White "Focke, Adrian"]
[Black "Herrmann, Heribert"]
[Result "0-1"]
[Termination "normal"]
[Board "3"]
[WhiteElo "1312"]
[BlackElo "1534"]
[PlyCount "146"]
[WhiteFideId "12969869"]
[BlackFideId "12971715"]
[EventCountry "GER"]
[EventRounds "9"]
[EventType "swiss"]
[EventDate "2012.05.26"]

1. e4 d6 2. d4 Nf6 3. Nc3 g6 4. Nf3 Bg7 5. Bc4 O-O 6. O-O c6 7. Be3 b5 8. Bd3
Bd7 9. a3 Na6 10. a4 b4 11. Na2 Qb6 12. Qe2 Nc7 13. Rfb1 a5 14. c3 Na6 15. e5
Ng4 16. exd6 exd6 17. Bxa6 Nxe3 18. fxe3 Qxa6 19. Qxa6 Rxa6 20. cxb4 axb4 21.
Nxb4 Rb6 22. Nd3 Bf5 23. Nfe1 Rb3 24. Rd1 Bh6 25. Kf2 Re8 26. a5 Bxe3+ 27. Kf1
Bxd4 28. Ra2 c5 29. Rd2 Be3 30. Rd1 Bg4 31. Rb1 Bd2 32. Kf2 Re2+ 33. Kf1 c4 34.
Nf2 Bf5 35. Kxe2 Bxb1 36. a6 Rb8 37. Ra1 Bxe1 38. Kxe1 Bf5 39. a7 Ra8 40. Kd2
Kf8 41. Kc3 Ke7 42. Kxc4 Kd7 43. Kb5 Kc7 44. Nd1 Kb7 45. Nf2 Bd7+ 46. Kc4 Bc6
47. g3 Rxa7 48. Rxa7+ Kxa7 49. Nd3 Kb6 50. Nb4 g5 51. Nd5+ Bxd5+ 52. Kxd5 f5
53. h4 gxh4 54. gxh4 Kb5 55. Kd4 Kb4 56. Ke3 d5 57. Kf4 d4 58. Kf3 Kb3 59. Ke2
f4 60. Kd3 f3 61. Kd2 Kxb2 62. h5 h6 63. Kd1 d3 64. Ke1 Kc2 65. Kf2 d2 66. Kxf3
d1=Q+ 67. Ke4 Qd6 68. Kf5 Kd3 69. Kg4 Qf6 70. Kg3 Ke3 71. Kg2 Qf3+ 72. Kg1 Qe2
73. Kh1 Kf3 0-1

[Event "ODEM U25B 2012"]
[Site "Oberhof GER"]
[Date "2012.05.27"]
[Round "2"]
[White "Bossert, Felix"]
[Black "Pixa, Ulrich"]
[Result "1/2-1/2"]
[Termination "normal"]
[Board "5"]
[WhiteElo "1284"]
[BlackElo "1501"]
[PlyCount "65"]
[WhiteFideId "12960977"]
[BlackFideId "4697723"]
[EventCountry "GER"]
[EventRounds "9"]
[EventType "swiss"]
[EventDate "2012.05.26"]

1. d4 Nf6 2. c4 e6 3. Nf3 Nc6 4. g3 b6 5. Bg2 Ne4 6. e3 Bb7 7. O-O Bb4 8. a3
Be7 9. Qd3 f5 10. Nc3 Nxc3 11. Qxc3 O-O 12. b4 Bf6 13. Bb2 Ne7 14. Rfd1 d6 15.
Qb3 d5 16. c5 a6 17. Rac1 Qd7 18. a4 b5 19. a5 Bc6 20. Qd3 Ng6 21. Re1 Rae8 22.
Re2 Re7 23. Rce1 Rfe8 24. h4 Nh8 25. Bh3 Nf7 26. Bc3 g6 27. Bg2 e5 28. dxe5
Nxe5 29. Nxe5 Bxe5 30. Bxe5 Rxe5 31. f3 R5e7 32. Qd4 Bb7 33. e4 1/2-1/2

[Event "ODEM U25B 2012"]
[Site "Oberhof GER"]
[Date "2012.05.27"]
[Round "2"]
[White "Koll, Lukas"]
[Black "Denkert, Robert"]
[Result "1/2-1/2"]
[Termination "normal"]
[Board "6"]
[WhiteElo "1282"]
[BlackElo "1491"]
[PlyCount "114"]
[WhiteFideId "12969737"]
[BlackFideId "12957216"]
[EventCountry "GER"]
[EventRounds "9"]
[EventType "swiss"]
[EventDate "2012.05.26"]

1. e4 e5 2. Nf3 Nc6 3. Bc4 Bc5 4. Nc3 Nf6 5. d3 h6 6. Be3 Bb6 7. Qd2 Ng4 8.
Bxb6 axb6 9. h3 Nf6 10. Bb5 O-O 11. Bxc6 bxc6 12. Nxe5 d6 13. Nf3 d5 14. exd5
Re8+ 15. Ne2 Nxd5 16. O-O Qf6 17. Nh2 Ra5 18. Ng3 Qxb2 19. Rae1 Rxe1 20. Rxe1
Be6 21. Nf3 Rxa2 22. Re2 Nc3 23. Re1 Qxc2 24. Qxc2 Rxc2 25. Nd4 Rd2 26. Nxe6
fxe6 27. Rxe6 Rxd3 28. Rxc6 Nb5 29. Nf5 Kf7 30. h4 Rc3 31. Nxh6+ gxh6 32. Rxh6
Kg7 33. Rh5 Rc1+ 34. Kh2 Rc5 35. Rxc5 bxc5 36. Kg3 Nd4 37. Kf4 c6 38. Ke4 Kf6
39. g4 Ne6 40. f4 c4 41. f5 c3 42. g5+ Nxg5+ 43. hxg5+ Kxg5 44. Kd3 Kxf5 45.
Kxc3 Ke5 46. Kc4 Kd6 47. Kd4 c5+ 48. Kc4 Kc6 49. Kc3 Kd5 50. Kd3 c4+ 51. Kc3
Kc5 52. Kc2 Kd4 53. Kd2 c3+ 54. Kc2 Kc4 55. Kc1 Kd3 56. Kd1 c2+ 57. Kc1 Kc3
1/2-1/2

[Event "ODEM U25B 2012"]
[Site "Oberhof GER"]
[Date "2012.05.27"]
[Round "2"]
[White "Wheeler, Sebastian"]
[Black "Riedel, Erich"]
[Result "1/2-1/2"]
[Termination "normal"]
[Board "7"]
[WhiteElo "1658"]
[BlackElo "1276"]
[PlyCount "40"]
[WhiteFideId "12923060"]
[BlackFideId "12958646"]
[EventCountry "GER"]
[EventRounds "9"]
[EventType "swiss"]
[EventDate "2012.05.26"]

1. e4 e6 2. d4 d5 3. e5 c5 4. c3 Nc6 5. Nf3 Qb6 6. Qb3 c4 7. Qxb6 axb6 8. Bg5
b5 9. Be2 b4 10. O-O b3 11. a3 Be7 12. Nbd2 b5 13. h3 Bxg5 14. Nxg5 h6 15. Ngf3
Nge7 16. Nh4 O-O 17. g4 g5 18. Ng2 Ng6 19. Rab1 Nce7 20. Kh2 Bd7 1/2-1/2

[Event "ODEM U25B 2012"]
[Site "Oberhof GER"]
[Date "2012.05.27"]
[Round "2"]
[White "Schier, Lukas"]
[Black "von Reppert, Marc"]
[Result "0-1"]
[Termination "normal"]
[Board "8"]
[WhiteElo "1272"]
[BlackElo "1468"]
[PlyCount "120"]
[BlackFideId "12918130"]
[EventCountry "GER"]
[EventRounds "9"]
[EventType "swiss"]
[EventDate "2012.05.26"]

1. e4 c5 2. Nf3 d6 3. d4 cxd4 4. Nxd4 Nf6 5. Nc3 a6 6. Bd3 e5 7. Nf3 Be7 8. O-O
O-O 9. Be3 Qc7 10. Qe2 Nbd7 11. Rad1 Nc5 12. Bc4 Ncxe4 13. Nxe4 Nxe4 14. Bb3
Nc5 15. Bxc5 Qxc5 16. Rd3 Bf5 17. Rc3 Qb6 18. Rd1 Qd8 19. Nxe5 Bf6 20. Nxf7
Rxf7 21. Bxf7+ Kxf7 22. Qc4+ d5 23. Qc7+ Kf8 24. Qxd8+ Rxd8 25. Rc7 b5 26. c3
Re8 27. Kf1 Bg6 28. Ra7 b4 29. cxb4 Bxb2 30. Rxa6 d4 31. Rd6 Bc3 32. b5 Bd3+
33. Kg1 Bxb5 34. h3 d3 35. Rd5 d2 36. Kh2 Re1 37. R1xd2 Bxd2 38. Rxd2 Re2 39.
Rxe2 Bxe2 40. Kg3 Bc4 41. a4 Ke7 42. h4 Kf6 43. Kf4 Bd5 44. g4 Ke6 45. a5 Bc4
46. Ke4 g6 47. Ke3 h5 48. f3 Bd5 49. Kf4 Kf6 50. a6 Bc6 51. a7 Ba8 52. Ke3 Ke5
53. gxh5 gxh5 54. f4+ Kf5 55. Kf2 Kxf4 56. Kg1 Kg3 57. Kf1 Kxh4 58. Kf2 Kg4 59.
Kg1 Kg3 60. Kf1 h4 0-1

[Event "ODEM U25B 2012"]
[Site "Oberhof GER"]
[Date "2012.05.27"]
[Round "2"]
[White "Pappert, Florian"]
[Black "Dittrich, Tom"]
[Result "1-0"]
[Termination "normal"]
[Board "9"]
[WhiteElo "1461"]
[BlackElo "1627"]
[PlyCount "55"]
[BlackFideId "12923532"]
[EventCountry "GER"]
[EventRounds "9"]
[EventType "swiss"]
[EventDate "2012.05.26"]

1. e4 c5 2. Nf3 d6 3. d4 cxd4 4. Nxd4 Nf6 5. Nc3 a6 6. Bd3 e5 7. Nb3 Be6 8. O-O
Be7 9. Qe2 b5 10. Be3 O-O 11. Rad1 Nbd7 12. Rd2 Qc7 13. Rfd1 Nb6 14. f3 b4 15.
Nb1 a5 16. Bxb6 Qxb6+ 17. Qf2 Qc7 18. Kh1 a4 19. Nc1 Rfc8 20. a3 d5 21. exd5
Bxd5 22. Bf5 Rd8 23. Nd3 bxa3 24. Nxa3 Bxa3 25. bxa3 Qc4 26. Qe3 g6 27. Be4 Ra5
28. Qb6 1-0

[Event "ODEM U25B 2012"]
[Site "Oberhof GER"]
[Date "2012.05.27"]
[Round "2"]
[White "Gast, Benedikt"]
[Black "Suvorov, Alexander"]
[Result "1-0"]
[Termination "normal"]
[Board "10"]
[WhiteElo "1860"]
[BlackElo "1223"]
[PlyCount "105"]
[WhiteFideId "12937967"]
[BlackFideId "12977063"]
[EventCountry "GER"]
[EventRounds "9"]
[EventType "swiss"]
[EventDate "2012.05.26"]

1. d4 Nf6 2. Nf3 e6 3. Bf4 Nc6 4. h3 b6 5. e3 Bb7 6. Be2 Be7 7. O-O O-O 8. Nbd2
Na5 9. c3 c5 10. Re1 d5 11. Bd3 c4 12. Bc2 b5 13. e4 dxe4 14. Nxe4 Nd5 15. Bh2
b4 16. Qe2 Rc8 17. Ne5 f6 18. Nf3 f5 19. Ned2 Rf6 20. cxb4 Nxb4 21. Bb1 Ba6 22.
Qd1 Qd7 23. Nf1 f4 24. Re4 Bd6 25. Ne5 Bxe5 26. Rxe5 Nac6 27. Re4 e5 28. Nd2
exd4 29. Rxf4 Rxf4 30. Bxf4 c3 31. bxc3 dxc3 32. Qb3+ Qf7 33. Qxf7+ Kxf7 34.
Ne4 Nd4 35. Nd6+ Kg8 36. Nxc8 Ne2+ 37. Kh2 Nxf4 38. Nxa7 c2 39. Bxc2 Nxc2 40.
Rd1 Nb4 41. Rd4 Nfd5 42. a3 Nd3 43. Rxd5 Nxf2 44. a4 Ne4 45. Ra5 Bb7 46. Nb5
Kf8 47. Ra7 Bc6 48. Nd4 Bd5 49. a5 h6 50. Nf5 Nc3 51. Rxg7 Be4 52. Rc7 Nd5 53.
Rc8+ 1-0

[Event "ODEM U25B 2012"]
[Site "Oberhof GER"]
[Date "2012.05.27"]
[Round "2"]
[White "Giede, Anna-Blume"]
[Black "Bachmann, Jonas"]
[Result "1-0"]
[Termination "normal"]
[Board "11"]
[WhiteElo "1250"]
[BlackElo "1426"]
[PlyCount "129"]
[WhiteFideId "12921980"]
[BlackFideId "12922919"]
[EventCountry "GER"]
[EventRounds "9"]
[EventType "swiss"]
[EventDate "2012.05.26"]

1. e4 e5 2. Nf3 Nc6 3. Bb5 a6 4. Ba4 Nf6 5. O-O Be7 6. Re1 b5 7. Bb3 d6 8. h3
O-O 9. c3 Be6 10. Bc2 Ne8 11. d4 exd4 12. cxd4 Nb4 13. Bb3 Bxb3 14. Qxb3 Nc6
15. a3 Na5 16. Qc3 Nc4 17. Nbd2 Nb6 18. Qb3 c5 19. dxc5 dxc5 20. Nf1 Qc7 21.
Ng3 Kh8 22. Ng5 c4 23. Qc2 f6 24. Ne6 Qe5 25. Nxf8 Bxf8 26. Qc3 Qe6 27. Bf4 Rd8
28. Rad1 Nd6 29. e5 Nd5 30. Qd4 Nxf4 31. Qxf4 fxe5 32. Qxe5 Qg6 33. Qe6 Qc2 34.
Nf5 Re8 35. Qxd6 Rxe1+ 36. Rxe1 Qxf5 37. Re8 Kg8 38. Qe6+ Qf7 39. Qxf7+ Kxf7
40. Ra8 b4 41. axb4 Bxb4 42. Rxa6 c3 43. bxc3 Bxc3 44. Kh2 Be5+ 45. g3 Bf6 46.
Kg2 h6 47. Kf3 Kg6 48. Ke4 Kh7 49. Kf5 Bd4 50. f4 Bc3 51. g4 Be1 52. g5 hxg5
53. Kxg5 Bd2 54. h4 Bc3 55. h5 Bd2 56. Ra7 Bc3 57. h6 Bf6+ 58. Kh5 Bd4 59. Rd7
Bf6 60. hxg7 Bxg7 61. f5 Kg8 62. Kg6 Bf8 63. f6 Kh8 64. f7 Be7 65. Rd8+ 1-0

[Event "ODEM U25B 2012"]
[Site "Oberhof GER"]
[Date "2012.05.27"]
[Round "2"]
[White "Sherif, Malik"]
[Black "Schmidt, Daniel"]
[Result "0-1"]
[Termination "normal"]
[Board "12"]
[WhiteElo "1217"]
[BlackElo "1419"]
[PlyCount "128"]
[WhiteFideId "12911755"]
[BlackFideId "12957950"]
[EventCountry "GER"]
[EventRounds "9"]
[EventType "swiss"]
[EventDate "2012.05.26"]

1. e4 c5 2. Nf3 d6 3. d4 cxd4 4. Nxd4 Nf6 5. Nc3 a6 6. Bd3 e6 7. O-O Be7 8. Be3
O-O 9. Qe2 Nc6 10. Nxc6 bxc6 11. Rfd1 Bb7 12. e5 Nd5 13. Nxd5 cxd5 14. exd6
Qxd6 15. Qg4 Bf6 16. Qh3 g6 17. c3 Bg7 18. Rac1 Bc6 19. b4 Bb5 20. Bc5 Qf4 21.
Bxb5 axb5 22. Bxf8 Bxf8 23. Qe3 Qxe3 24. fxe3 Rxa2 25. Ra1 Re2 26. Re1 Rxe1+
27. Rxe1 Bg7 28. Rc1 Kf8 29. Kf2 Ke7 30. Ke2 Kd6 31. Kd3 Kc6 32. Kc2 Be5 33. h3
Bc7 34. Ra1 Kd7 35. Kd3 e5 36. e4 dxe4+ 37. Kxe4 f5+ 38. Kd3 e4+ 39. Ke2 Ke6
40. Ra7 Kd6 41. Ra1 Ke6 42. Rc1 Bf4 43. Rc2 Kd5 44. Kf2 Kc4 45. Ke2 h5 46. Kd1
Kd3 47. Ra2 Kxc3 48. Ra6 g5 49. Rf6 Kxb4 50. Rxf5 Kc4 51. Rf8 b4 52. Rc8+ Kb3
53. Ra8 Kc4 54. Rc8+ Kb5 55. Ra8 b3 56. Ra7 Kc4 57. Ra4+ Kc3 58. Ra6 b2 59.
Rc6+ Kd3 60. Rb6 Be5 61. Rb7 e3 62. Rd7+ Bd4 63. Rb7 e2+ 64. Ke1 Bc3+ 0-1

[Event "ODEM U25B 2012"]
[Site "Oberhof GER"]
[Date "2012.05.27"]
[Round "2"]
[White "Fischer, Maxi"]
[Black "Silber, Kevin"]
[Result "1-0"]
[Termination "normal"]
[Board "13"]
[WhiteElo "1418"]
[BlackElo "1196"]
[PlyCount "63"]
[WhiteFideId "24692395"]
[BlackFideId "12930440"]
[EventCountry "GER"]
[EventRounds "9"]
[EventType "swiss"]
[EventDate "2012.05.26"]

1. e4 c6 2. d4 d5 3. exd5 cxd5 4. Bd3 g6 5. Bf4 Bg7 6. c3 Nf6 7. Nf3 O-O 8. O-O
Nc6 9. Nbd2 e6 10. Qe2 Bd7 11. h3 Ne7 12. Nh4 h6 13. Be5 Qb6 14. Rab1 Nc6 15.
f4 g5 16. Nhf3 gxf4 17. Bxf4 Ne8 18. Qe3 h5 19. Bh6 f5 20. Bxg7 Nxg7 21. Qh6 e5
22. Ng5 Rfe8 23. Qh7+ Kf8 24. Qh8+ Ke7 25. Qxg7+ Kd8 26. Nf7+ Kc7 27. Bxf5 exd4
28. Qg3+ Kc8 29. Nd6+ Kd8 30. Nf7+ Ke7 31. Rbe1+ Kxf7 32. Bxd7# 1-0

[Event "ODEM U25B 2012"]
[Site "Oberhof GER"]
[Date "2012.05.27"]
[Round "2"]
[White "Naujoks, Max"]
[Black "Tsoumanis, Neoptolemos"]
[Result "1-0"]
[Termination "normal"]
[Board "14"]
[WhiteElo "1398"]
[BlackElo "1181"]
[PlyCount "109"]
[WhiteFideId "12947318"]
[EventCountry "GER"]
[EventRounds "9"]
[EventType "swiss"]
[EventDate "2012.05.26"]

1. d4 d5 2. c4 dxc4 3. e3 Nf6 4. Bxc4 e6 5. Nc3 c5 6. Nf3 Nc6 7. O-O Bd6 8. d5
exd5 9. Nxd5 Nxd5 10. Qxd5 Be6 11. Qe4 Qe7 12. Bd5 Bxd5 13. Qxd5 Nb4 14. Qc4
O-O 15. Bd2 Rac8 16. a3 Nc6 17. Bc3 Be5 18. Nxe5 Nxe5 19. Qe4 f6 20. Bxe5 fxe5
21. Rad1 Rcd8 22. Rd5 Rfe8 23. Rfd1 b6 24. Qc4 Kh8 25. e4 h6 26. b4 Rc8 27.
bxc5 Rxc5 28. Rxc5 Qxc5 29. Qxc5 bxc5 30. Kf1 c4 31. Ke2 Rb8 32. Rd2 Rb3 33.
Rc2 Rxa3 34. Rxc4 Ra2+ 35. Kf3 Ra3+ 36. Kg4 Ra2 37. Kg3 Ra3+ 38. f3 Rb3 39. Rc5
a6 40. Rxe5 Kg8 41. Ra5 Rb6 42. Kf4 Kf7 43. Ke5 Rg6 44. h4 Ke7 45. g4 Re6+ 46.
Kd5 Rd6+ 47. Kc4 Rc6+ 48. Rc5 Rb6 49. f4 Kd6 50. e5+ Ke6 51. f5+ Ke7 52. Rc7+
Kf8 53. Ra7 Rc6+ 54. Kd5 Rb6 55. e6 1-0

[Event "ODEM U25B 2012"]
[Site "Oberhof GER"]
[Date "2012.05.27"]
[Round "2"]
[White "Thumm, Niklas"]
[Black "Gast, Antonia"]
[Result "1-0"]
[Termination "normal"]
[Board "15"]
[WhiteElo "1183"]
[BlackElo "1395"]
[PlyCount "79"]
[WhiteFideId "12918733"]
[BlackFideId "12929336"]
[EventCountry "GER"]
[EventRounds "9"]
[EventType "swiss"]
[EventDate "2012.05.26"]

1. e4 e5 2. Nf3 d6 3. d4 exd4 4. Nxd4 Nf6 5. Nc3 Be7 6. Bf4 O-O 7. Qf3 c6 8.
Be2 Bg4 9. Qg3 Bxe2 10. Ndxe2 Nh5 11. Qg4 Nxf4 12. Nxf4 Bf6 13. O-O Nd7 14. Nh5
Kh8 15. f4 Rg8 16. Rad1 Be7 17. e5 d5 18. Rf3 f6 19. Rh3 fxe5 20. f5 h6 21. Ng3
Nf6 22. Qg6 Bf8 23. Nge4 Qe7 24. Ng5 Re8 25. Nf7+ Qxf7 26. Qxf7 e4 27. Qxb7 e3
28. Re1 d4 29. Ne2 c5 30. Qxa7 Ng4 31. a4 Nf2 32. Rf3 Bd6 33. f6 gxf6 34. Rxf6
Bxh2+ 35. Kf1 Ng4 36. Rf3 Ref8 37. Qxc5 Rxf3+ 38. gxf3 Ne5 39. Qxd4 Kh7 40.
Qxe3 1-0

[Event "ODEM U25B 2012"]
[Site "Oberhof GER"]
[Date "2012.05.27"]
[Round "2"]
[White "Greßmann, Hanna"]
[Black "Bick, Lennard"]
[Result "1-0"]
[Termination "normal"]
[Board "16"]
[WhiteElo "1393"]
[BlackElo "1169"]
[PlyCount "43"]
[WhiteFideId "12930709"]
[EventCountry "GER"]
[EventRounds "9"]
[EventType "swiss"]
[EventDate "2012.05.26"]

1. e4 e5 2. Nf3 Nf6 3. Bc4 Bc5 4. d3 Nc6 5. c3 d6 6. O-O Bg4 7. Nbd2 h5 8. h3
Bd7 9. Ng5 Rf8 10. Nb3 Qe7 11. d4 exd4 12. cxd4 Bb6 13. f4 O-O-O 14. Re1 Rde8
15. Re2 a6 16. Kh1 h4 17. d5 Na5 18. Nxa5 Bxa5 19. Re3 Nh5 20. Qxh5 f6 21. Ne6
Bxe6 22. dxe6 1-0

[Event "ODEM U25B 2012"]
[Site "Oberhof GER"]
[Date "2012.05.27"]
[Round "2"]
[White "Moos, Daniel"]
[Black "Neumann, Tiemon"]
[Result "1-0"]
[Termination "normal"]
[Board "17"]
[WhiteElo "1173"]
[BlackElo "1750"]
[PlyCount "125"]
[BlackFideId "12925462"]
[EventCountry "GER"]
[EventRounds "9"]
[EventType "swiss"]
[EventDate "2012.05.26"]

1. Nf3 Nf6 2. d4 Nc6 3. c4 e5 4. dxe5 Ng4 5. e3 Ngxe5 6. Nxe5 Nxe5 7. Be2 Bb4+
8. Nd2 O-O 9. O-O d6 10. Qc2 Bxd2 11. Bxd2 Qg5 12. Qe4 c6 13. Qf4 Qg6 14. Bc3
Bh3 15. Qg3 Qxg3 16. hxg3 Be6 17. b3 a6 18. Rfd1 Rfd8 19. c5 Ng4 20. cxd6 Nf6
21. Bxf6 gxf6 22. Bf3 Rd7 23. Rd2 Kg7 24. e4 Kg6 25. Rad1 h5 26. Be2 b5 27. Rc1
Rc8 28. Rc5 f5 29. exf5+ Bxf5 30. Bxh5+ Kxh5 31. Rxf5+ Kg6 32. Rc5 Kf6 33. g4
Ke6 34. Rf5 Rcd8 35. Kf1 Rxd6 36. Re2+ Kd7 37. Rxf7+ Kc8 38. f3 Rd1+ 39. Kf2
Kb8 40. Rfe7 c5 41. Re8 Kc7 42. Rxd8 Rxd8 43. Rc2 Kb6 44. Ke3 a5 45. g3 a4 46.
f4 axb3 47. axb3 Kc6 48. g5 Rg8 49. Rc3 Kd5 50. Rd3+ Kc6 51. Rc3 Kd5 52. Kd3
c4+ 53. bxc4+ bxc4+ 54. Rxc4 Ke6 55. Rc5 Kd6 56. Re5 Rg7 57. Ke4 Rf7 58. f5 Ra7
59. Re6+ Kd7 60. Ke5 Ra8 61. g6 Rb8 62. g7 Rg8 63. Kf6 1-0

[Event "ODEM U25B 2012"]
[Site "Oberhof GER"]
[Date "2012.05.27"]
[Round "2"]
[White "Petersen, Marcel"]
[Black "Weiten, Katharina"]
[Result "1-0"]
[Termination "normal"]
[Board "18"]
[WhiteElo "1582"]
[BlackElo "882"]
[PlyCount "55"]
[WhiteFideId "12935670"]
[BlackFideId "12971979"]
[EventCountry "GER"]
[EventRounds "9"]
[EventType "swiss"]
[EventDate "2012.05.26"]

1. e4 e5 2. Nf3 Nc6 3. Bc4 Nf6 4. d3 Bc5 5. Nc3 d6 6. h3 h6 7. Be3 Bxe3 8. fxe3
Be6 9. Bb3 d5 10. Ba4 O-O 11. O-O dxe4 12. dxe4 Bc4 13. Rf2 Qxd1+ 14. Rxd1 Ne7
15. Nxe5 Be6 16. Bb3 Bxb3 17. axb3 a5 18. Nd7 Nxd7 19. Rxd7 Ng6 20. Rxc7 b6 21.
Rb7 Rac8 22. Rxb6 Ne5 23. Nd5 Rfe8 24. Rb7 h5 25. Ne7+ Rxe7 26. Rxe7 Rc5 27.
Rf5 f6 28. c3 1-0

[Event "ODEM U25B 2012"]
[Site "Oberhof GER"]
[Date "2012.05.27"]
[Round "2"]
[White "Zebandt, Manuel"]
[Black "Arns, Alexander"]
[Result "1-0"]
[Termination "normal"]
[Board "19"]
[WhiteElo "985"]
[BlackElo "1452"]
[PlyCount "111"]
[BlackFideId "12944009"]
[EventCountry "GER"]
[EventRounds "9"]
[EventType "swiss"]
[EventDate "2012.05.26"]

1. e4 e5 2. f4 Qf6 3. Nf3 Nc6 4. d4 exd4 5. e5 Qd8 6. Bc4 Be7 7. Ng5 Bxg5 8.
fxg5 Qe7 9. O-O Nxe5 10. Bf4 Nxc4 11. Re1 Ne3 12. Qxd4 Kf8 13. Rxe3 Qd8 14. Qe4
d6 15. Nc3 Ne7 16. Rae1 Be6 17. Nb5 Nc6 18. Nd4 Nxd4 19. Qxd4 Qd7 20. c4 Qa4
21. Bxd6+ Kg8 22. Be5 h5 23. b3 Qxa2 24. Bxg7 Rh7 25. Bh6 Qc2 26. Qd5 Rxh6 27.
Qxb7 Rd8 28. gxh6 Rd2 29. Rg3+ Kh7 30. Qf3 Qf5 31. Qe3 Rd7 32. Rg7+ Kh8 33. Qc3
f6 34. Rxe6 Rd1+ 35. Re1 Qb1 36. Kf1 Qf5+ 37. Qf3 Rxe1+ 38. Kxe1 Qb1+ 39. Kf2
Qb2+ 40. Kg3 Qe5+ 41. Kh3 c6 42. Qg3 Qf5+ 43. Kh4 Qe4+ 44. Kxh5 Qf5+ 45. Kh4
Qe4+ 46. Rg4 Qe8 47. Qc7 Qf8 48. Qg7+ Qxg7 49. Rxg7 f5 50. Rxa7 f4 51. Kg5 f3
52. gxf3 Kg8 53. Kf6 c5 54. Kg6 Kf8 55. h7 Ke8 56. h8=Q# 1-0

[Event "ODEM U25B 2012"]
[Site "Oberhof GER"]
[Date "2012.05.27"]
[Round "2"]
[White "Eggert, Daniela"]
[Black "Eggert, André"]
[Result "0-1"]
[Termination "normal"]
[Board "20"]
[WhiteElo "927"]
[BlackElo "1517"]
[PlyCount "80"]
[WhiteFideId "12991490"]
[BlackFideId "1270464"]
[EventCountry "GER"]
[EventRounds "9"]
[EventType "swiss"]
[EventDate "2012.05.26"]

1. e4 d5 2. exd5 Qxd5 3. Nc3 Qa5 4. d4 Nf6 5. Nf3 Bg4 6. Be2 Nbd7 7. O-O e6 8.
Ne5 Bxe2 9. Qxe2 Bd6 10. Nb5 Bxe5 11. dxe5 Nd5 12. a3 O-O 13. b4 Qa6 14. c4 c6
15. Rd1 Rad8 16. cxd5 Qxb5 17. Qxb5 cxb5 18. Bf4 Rfe8 19. d6 Rc8 20. g3 Rc6 21.
Rac1 Rec8 22. Kg2 Rxc1 23. Rxc1 Rxc1 24. Bxc1 Nxe5 25. f4 Nd7 26. Be3 a6 27.
Kf3 g6 28. Bd4 f6 29. Ke4 Kf7 30. g4 h6 31. h4 b6 32. g5 f5+ 33. Ke3 h5 34. Kd3
Ke8 35. Bh8 Kd8 36. Kd4 Kc8 37. Be5 Nb8 38. Ke3 Kd7 39. Kd4 Nc6+ 40. Ke3 a5 0-1

[Event "ODEM U25B 2012"]
[Site "Oberhof GER"]
[Date "2012.05.27"]
[Round "2"]
[White "Zyla, Lennert"]
[Black "Hageresch, Leon"]
[Result "1/2-1/2"]
[Termination "normal"]
[Board "21"]
[WhiteElo "1048"]
[BlackElo "1371"]
[PlyCount "53"]
[WhiteFideId "12981567"]
[BlackFideId "12933899"]
[EventCountry "GER"]
[EventRounds "9"]
[EventType "swiss"]
[EventDate "2012.05.26"]

1. e4 Nf6 2. e5 Nd5 3. d4 d6 4. Nf3 Bg4 5. Bc4 Nb6 6. Bxf7+ Kd7 7. O-O e6 8. h3
Qe7 9. hxg4 Qxf7 10. c4 h5 11. g5 h4 12. Qc2 h3 13. g6 Qg8 14. g3 Be7 15. Kh2
Nc6 16. exd6 cxd6 17. c5 Qf8 18. Ng1 Nxd4 19. Qe4 dxc5 20. Qxb7+ Ke8 21. a4 Bd6
22. a5 Rb8 23. Qe4 Nc8 24. Nd2 Qf5 25. Qxf5 exf5 26. Nc4 Nb3 27. Rb1 1/2-1/2

[Event "ODEM U25B 2012"]
[Site "Oberhof GER"]
[Date "2012.05.27"]
[Round "2"]
[White "Schramm, Anna-Lena"]
[Black "Stockter, Jasper Enno"]
[Result "1-0"]
[Termination "normal"]
[Board "22"]
[WhiteElo "1359"]
[BlackElo "1107"]
[PlyCount "91"]
[WhiteFideId "12918237"]
[BlackFideId "12957291"]
[EventCountry "GER"]
[EventRounds "9"]
[EventType "swiss"]
[EventDate "2012.05.26"]

1. e4 e6 2. Nc3 d5 3. d4 Bb4 4. e5 c5 5. Nf3 Bxc3+ 6. bxc3 Qc7 7. Be2 Ne7 8.
Ng5 h6 9. Nh3 cxd4 10. cxd4 Qc3+ 11. Bd2 Qxd4 12. f4 O-O 13. c3 Qe4 14. O-O Qg6
15. Be3 Nbc6 16. Bd3 f5 17. Kh1 Rd8 18. Bc5 b6 19. Ba3 Bb7 20. Be2 Qf7 21. Qe1
d4 22. Bf3 Rac8 23. Qh4 Ba6 24. Rfc1 Nd5 25. cxd4 Nxd4 26. Bh5 Ne2 27. Bxf7+
Kxf7 28. Rxc8 Rxc8 29. Qe1 Ne3 30. Ng1 Nc2 31. Qd1 Nxa3 32. Nxe2 Bxe2 33. Qxe2
Rc2 34. Qd3 Rf2 35. Qxa3 Rxf4 36. Qxa7+ Kg6 37. Qxb6 Kf7 38. Qc7+ Kg6 39. Qd6
Kf7 40. Qd7+ Kg6 41. Qxe6+ Kh7 42. g3 Re4 43. Rc1 h5 44. Rc8 h4 45. Qxf5+ Kh6
46. Rh8# 1-0

[Event "ODEM U25B 2012"]
[Site "Oberhof GER"]
[Date "2012.05.27"]
[Round "2"]
[White "Hoppe, Michael"]
[Black "Paulweber, Lara"]
[Result "1-0"]
[Termination "normal"]
[Board "23"]
[WhiteElo "1426"]
[BlackElo "902"]
[PlyCount "147"]
[WhiteFideId "12928747"]
[BlackFideId "12954411"]
[EventCountry "GER"]
[EventRounds "9"]
[EventType "swiss"]
[EventDate "2012.05.26"]

1. d4 Nf6 2. Bf4 e6 3. Nc3 b6 4. Qd2 Bb7 5. f3 c5 6. e3 d6 7. Bb5+ Nbd7 8. dxc5
dxc5 9. Rd1 a6 10. Bxd7+ Qxd7 11. Nge2 Qxd2+ 12. Rxd2 g6 13. O-O Bg7 14. Rfd1
O-O 15. Bc7 b5 16. Bd6 Rfc8 17. Ng3 c4 18. Be7 Re8 19. Bd6 Rad8 20. e4 Bc6 21.
e5 Nd5 22. Nxd5 Bxd5 23. Ne2 Bh6 24. f4 f6 25. g3 fxe5 26. Bxe5 Bg7 27. Bxg7
Kxg7 28. Kf2 Rd7 29. Nc3 Red8 30. Ne4 Bc6 31. Rxd7+ Rxd7 32. Rxd7+ Bxd7 33. Ke3
Bc6 34. Nc5 a5 35. Nxe6+ Kf6 36. Nd4 Bd7 37. Ke4 Ke7 38. Ke5 a4 39. c3 h6 40.
f5 gxf5 41. Nxf5+ Bxf5 42. Kxf5 Kf7 43. h4 Kg7 44. g4 Kf7 45. h5 Kg7 46. g5
hxg5 47. Kxg5 Kh7 48. h6 a3 49. bxa3 Kg8 50. Kf5 Kh7 51. Ke5 Kxh6 52. Kd5 Kg6
53. Kc5 Kf6 54. Kxb5 Ke6 55. a4 Kd7 56. Kxc4 Kc6 57. Kb4 Kb6 58. c4 Kc6 59. a5
Kb7 60. Kb5 Ka7 61. c5 Kb7 62. a6+ Ka7 63. a4 Kb8 64. Kb6 Ka8 65. c6 Kb8 66.
c7+ Kc8 67. a7 Kd7 68. a8=Q Ke6 69. c8=Q+ Ke5 70. Qa5+ Ke4 71. Qc4+ Ke3 72.
Qac3+ Kf2 73. Qa2+ Kf1 74. Qca1# 1-0